[Event "Nordic chess championship for youth"]
[Site "Scandic Park hotell, Drammen"]
[Date "2017.02.19"]
[Round "5"]
[White "Skaale, Janus"]
[Black "Heimisson, Hilmir Freyr"]
[Result "0-1"]
[WhiteElo "1696"]
[BlackElo "2192"]
[PlyCount "176"]
[EventDate "2017.??.??"]
[WhiteClock "0:02:54"]
[BlackClock "0:03:05"]

1. e4 c5 2. Nf3 g6 3. d4 Bg7 4. Nc3 Nc6 5. d5 Nd4 6. Be2 d6 7. O-O Rb8 8. Be3
Nxe2+ 9. Qxe2 Bg4 10. Rab1 Nf6 11. h3 Bxf3 12. Qxf3 O-O 13. Qe2 Qd7 14. a4 a6
15. a5 Qc7 16. Ra1 Nd7 17. Bf4 b5 18. axb6 Rxb6 19. Rxa6 Rxb2 20. Nd1 Rb1 21.
Ne3 Rfb8 22. Rxb1 Rxb1+ 23. Kh2 Qb7 24. Bg5 h6 25. Bh4 Bc3 26. Ra2 Be5+ 27. Bg3
Qb4 28. Ra8+ Kg7 29. Bxe5+ Nxe5 30. f3 Re1 31. Qf2 Qc3 32. Ra3 Qb4 33. Rb3 Qa5
34. Ra3 Qxa3 35. Qxe1 Qb2 36. Qg3 Kh7 37. Qh4 Qc1 38. Qf2 Nd7 39. Qe2 Nf6 40.
Qd3 Qa1 41. Nc4 Nh5 42. Qd2 Qf6 43. Qc1 Qh4 44. Qd2 Qg3+ 45. Kh1 Nf4 46. Nb2
Nh5 47. Nc4 g5 48. Nb2 Qe5 49. c3 Ng3+ 50. Kg1 Qxc3 51. Qxc3 Ne2+ 52. Kf2 Nxc3
53. Ke3 Kg6 54. Kd3 Nb5 55. Nd1 Nd4 56. Ne3 h5 57. Nc4 Kf6 58. Ke3 Nb5 59. Kd3
Nc7 60. Ne3 Ne8 61. Nf5 e6 62. Ne3 Ke5 63. g3 exd5 64. Nxd5 Nf6 65. Ne3 Nd7 66.
Nc4+ Ke6 67. Ke3 d5 68. Nd2 d4+ 69. Kd3 Ne5+ 70. Ke2 Kd6 71. f4 gxf4 72. gxf4
Ng6 73. Kf3 Ne7 74. Nc4+ Ke6 75. Ne5 f6 76. Nc4 Nc6 77. Kg3 f5 78. e5 Kd5 79.
Nd6 Ne7 80. Kh4 d3 81. Nb5 Ke4 82. Kg5 d2 83. Nc3+ Kd3 84. Nd1 c4 85. Kf6 c3
86. Kxe7 c2 87. e6 cxd1=Q 88. Kf7 Qb3
0-1

[Event "Nordic chess championship for youth"]
[Site "Scandic Park hotell, Drammen"]
[Date "2017.02.19"]
[Round "5"]
[White "Olsen, Kaj"]
[Black "Birkisson, Bardur Orn"]
[Result "0-1"]
[WhiteElo "1513"]
[BlackElo "2175"]
[PlyCount "44"]
[EventDate "2017.??.??"]

1. e4 e5 2. Nf3 Nc6 3. Nc3 Nf6 4. Bc4 Nxe4 5. Nxe4 d5 6. Bd3 dxe4 7. Bxe4 Bd6
8. Bxc6+ bxc6 9. h3 e4 10. Nd4 Qg5 11. g4 Qf6 12. Ne2 Bc5 13. Rf1 Ba6 14. Ng3
Bxf1 15. Nxe4 Qe7 16. Kxf1 Qxe4 17. f3 Qe6 18. d4 Qc4+ 19. Kg2 Qxd4 20. Qe2+
Kf8 21. Qf1 h5 22. c3 Qe5
0-1

[Event "Nordic chess championship for youth"]
[Site "Scandic Park hotell, Drammen"]
[Date "2017.02.19"]
[Round "5"]
[White "Moller, Sophus Mechlenburg"]
[Black "Hallman, Valo"]
[Result "0-1"]
[WhiteElo "2115"]
[BlackElo "2142"]
[PlyCount "74"]
[EventDate "2017.??.??"]

1. e4 e5 2. Nf3 Nc6 3. Bb5 a6 4. Ba4 Nf6 5. O-O Be7 6. Re1 b5 7. Bb3 O-O 8. h3
d6 9. c3 Bb7 10. d4 Re8 11. Nbd2 Bf8 12. a4 h6 13. Bc2 exd4 14. cxd4 Nb4 15.
Bb1 c5 16. d5 g6 17. Nf1 Bg7 18. Qb3 Nd7 19. Bd2 bxa4 20. Rxa4 a5 21. Ne3 Nb6
22. Ra3 a4 23. Qd1 Bxb2 24. Rc3 a3 25. Rb3 Bg7 26. Bxb4 cxb4 27. Re2 Na4 28.
Rxb4 Nc3 29. Qe1 Nxe2+ 30. Qxe2 Qc7 31. Nc4 Ba6 32. Qa2 Bxc4 33. Rxc4 Qb7 34.
Nd2 Reb8 35. Qc2 Qb2 36. Kh2 Qxc2 37. Rxc2 Rxb1
0-1

[Event "Nordic chess championship for youth"]
[Site "Scandic Park hotell, Drammen"]
[Date "2017.02.19"]
[Round "5"]
[White "Fang, Andy"]
[Black "Nilsson, Joakim"]
[Result "0-1"]
[WhiteElo "1846"]
[BlackElo "2014"]
[PlyCount "98"]
[EventDate "2017.??.??"]
[WhiteClock "0:06:09"]
[BlackClock "0:03:39"]

1. d4 Nf6 2. Bg5 c5 3. d5 e6 4. e4 h6 5. Bh4 Qa5+ 6. Qd2 Qxd2+ 7. Nxd2 Be7 8.
Bxf6 Bxf6 9. O-O-O O-O 10. f3 b6 11. Bd3 Bb7 12. c4 Na6 13. a3 Rac8 14. Kb1 Nc7
15. f4 exd5 16. exd5 b5 17. Ne4 Bd4 18. Nd6 Rb8 19. Nf3 bxc4 20. Bxc4 Bxd5 21.
Nxd4 Bxc4 22. Nxc4 cxd4 23. Rxd4 d5 24. Ne5 Rfe8 25. Rhd1 Rb7 26. R1d2 Rb5 27.
g3 f6 28. Nc6 a5 29. R4d3 Rc5 30. Nd4 a4 31. Re2 Re4 32. Rxe4 dxe4 33. Rc3 Rd5
34. Rxc7 Rxd4 35. Kc2 Kf8 36. Rb7 e3 37. Rb4 e2 38. Rxd4 e1=Q 39. Rxa4 Qe2+ 40.
Kb3 Qxh2 41. Rc4 Qxg3+ 42. Kb4 h5 43. a4 h4 44. a5 h3 45. a6 h2 46. a7 h1=Q 47.
Rc8+ Kf7 48. a8=Q Qxa8 49. Rxa8 Qxf4+
0-1

[Event "Nordic chess championship for youth"]
[Site "Scandic Park hotell, Drammen"]
[Date "2017.02.19"]
[Round "5"]
[White "Nilssen, Ellen Fredericia"]
[Black "Nazarova, Anastasia"]
[Result "1/2-1/2"]
[WhiteElo "1834"]
[BlackElo "1998"]
[PlyCount "37"]
[EventDate "2017.??.??"]

1. d4 d5 2. c4 e6 3. Nc3 Nf6 4. cxd5 exd5 5. Bg5 c6 6. e3 Be7 7. Qc2 Nbd7 8.
Bd3 Nh5 9. Bxe7 Qxe7 10. O-O-O Nb6 11. Nf3 Be6 12. Kb1 O-O-O 13. Rc1 Kb8 14.
Na4 Nxa4 15. Qxa4 f6 16. Rc3 Qd7 17. Ra3 b5 18. Qc2 g6 19. Nd2
1/2-1/2

[Event "Nordic chess championship for youth"]
[Site "Scandic Park hotell, Drammen"]
[Date "2017.02.19"]
[Round "6"]
[White "Haug, Johannes"]
[Black "Heimisson, Hilmir Freyr"]
[Result "1-0"]
[WhiteElo "2311"]
[BlackElo "2192"]
[PlyCount "71"]
[EventDate "2017.??.??"]
[WhiteClock "0:06:38"]
[BlackClock "0:01:07"]

1. d4 f5 2. c4 Nf6 3. Nc3 e6 4. e3 d5 5. Bd3 c6 6. Nge2 Bd6 7. f3 O-O 8. Qc2 a6
9. Bd2 b5 10. c5 Bc7 11. a3 Nbd7 12. O-O Rf7 13. g3 Nf8 14. e4 Nh5 15. e5 g5
16. Rf2 Ra7 17. Raf1 Qe7 18. g4 Ng7 19. Rg2 h6 20. f4 Nh7 21. Ng3 Qf8 22. Kh1
Bd8 23. Rgf2 gxf4 24. Bxf4 Ng5 25. gxf5 exf5 26. Bxg5 Bxg5 27. Nxf5 Bxf5 28.
Bxf5 Be3 29. Rf3 Bxd4 30. Qg2 Kh8 31. Bg6 Rxf3 32. Rxf3 Qd8 33. Qd2 Nf5 34.
Rxf5 Kg7 35. Qxd4 Kxg6 36. Rf6+ 
1-0

[Event "Nordic chess championship for youth"]
[Site "Scandic Park hotell, Drammen"]
[Date "2017.02.19"]
[Round "6"]
[White "Moller, Sophus Mechlenburg"]
[Black "Merkesvik, Sondre"]
[Result "0-1"]
[WhiteElo "2115"]
[BlackElo "2258"]
[PlyCount "68"]
[EventDate "2017.??.??"]

1. d4 Nf6 2. c4 g6 3. Nc3 d5 4. cxd5 Nxd5 5. e4 Nxc3 6. bxc3 Bg7 7. Qa4+ c6 8.
Nf3 O-O 9. Qa3 Bg4 10. Bg5 Qc7 11. Be2 e5 12. Be7 Bxf3 13. Bxf3 exd4 14. cxd4
Bxd4 15. Bxf8 Bxa1 16. O-O Be5 17. g3 Nd7 18. Bh6 c5 19. Be3 b6 20. Bg2 c4 21.
f4 Bd6 22. Qa4 Bc5 23. Bxc5 Qxc5+ 24. Kh1 b5 25. Qd1 Nf8 26. f5 Re8 27. Qf3 Re7
28. f6 Re8 29. Bh3 Qd4 30. Re1 c3 31. a3 a5 32. Rc1 b4 33. axb4 axb4 34. Bg2
Re6
0-1

[Event "Nordic chess championship for youth"]
[Site "Scandic Park hotell, Drammen"]
[Date "2017.02.19"]
[Round "6"]
[White "Birkisson, Bardur Orn"]
[Black "Fang, Andy"]
[Result "1-0"]
[WhiteElo "2175"]
[BlackElo "1846"]
[PlyCount "79"]
[EventDate "2017.??.??"]
[WhiteClock "0:26:59"]
[BlackClock "0:40:39"]

1. d4 d5 2. Bf4 Nf6 3. e3 c5 4. c3 Nc6 5. Nd2 Bf5 6. Ngf3 Qb6 7. Qc1 e6 8. Nh4
Bg6 9. Nxg6 hxg6 10. h3 Qd8 11. Bb5 Bd6 12. dxc5 Bxc5 13. O-O O-O 14. c4 a6 15.
Bxc6 bxc6 16. cxd5 Nxd5 17. Qxc5 Nxf4 18. Rfd1 Nd3 19. Qc3 Ra7 20. Nb3 Rd7 21.
Rd2 e5 22. Qxc6 Rd6 23. Qc4 Qd7 24. Rad1 Rc8 25. Qh4 g5 26. Qg4 f5 27. Qxg5
Rcc6 28. Na5 Rg6 29. Rxd3 Qxd3 30. Qd8+ Qxd8 31. Rxd8+ Kf7 32. Nxc6 Rxc6 33.
Rd2 Kf6 34. f3 g5 35. Kf2 g4 36. hxg4 fxg4 37. fxg4 Kg5 38. Kf3 Rc4 39. b3 Rxg4
40. Rd5
1-0

[Event "Nordic chess championship for youth"]
[Site "Scandic Park hotell, Drammen"]
[Date "2017.02.19"]
[Round "6"]
[White "Hallman, Valo"]
[Black "Nilssen, Ellen Fredericia"]
[Result "1-0"]
[WhiteElo "2142"]
[BlackElo "1834"]
[PlyCount "83"]
[EventDate "2017.??.??"]

1. d4 Nf6 2. Nf3 e6 3. c4 d5 4. g3 Be7 5. Bg2 O-O 6. O-O b6 7. cxd5 exd5 8. Nc3
Bb7 9. Bf4 a6 10. Rc1 Nbd7 11. Nh4 Re8 12. Nf5 Nf8 13. Bxc7 Qxc7 14. Nxd5 Qd7
15. Nfxe7+ Rxe7 16. Nxb6 Qd8 17. Nxa8 Bxg2 18. Kxg2 Qxa8+ 19. Kg1 Qd5 20. b3
Qh5 21. Rc5 Qh3 22. f3 h5 23. Rf2 Ng6 24. e4 h4 25. Qf1 Qd7 26. Rd2 Qd6 27. Kg2
Kh7 28. Qc4 Nf4+ 29. gxf4 Qxf4 30. Qd3 g6 31. Re2 Nh5 32. Qe3 Qf6 33. Kh1 Nf4
34. Re1 h3 35. Rg1 Ng2 36. Rxg2 hxg2+ 37. Kxg2 Qh4 38. Qg5 Qe1 39. Qxe7 Qe2+
40. Kg3 Qe1+ 41. Kf4 Qh4+ 42. Qxh4+ 
1-0

[Event "Nordic chess championship for youth"]
[Site "Scandic Park hotell, Drammen"]
[Date "2017.02.19"]
[Round "6"]
[White "Nilsson, Joakim"]
[Black "Skaale, Janus"]
[Result "1-0"]
[WhiteElo "2014"]
[BlackElo "1696"]
[PlyCount "61"]
[EventDate "2017.??.??"]

1. Nf3 Nf6 2. g3 d5 3. c4 c6 4. Bg2 Bf5 5. O-O e6 6. b3 Bd6 7. Bb2 O-O 8. d3
Nbd7 9. Nbd2 Qe7 10. h3 b5 11. Nd4 Rfc8 12. cxb5 cxb5 13. Nxb5 Bc5 14. Rc1 Bb6
15. Ba3 Bc5 16. Bxc5 Rxc5 17. Nd4 Bg6 18. Nc6 Qd6 19. Rxc5 Nxc5 20. Qc2 Qxc6
21. Rc1 Qa6 22. Qxc5 Nd7 23. Qc6 Nb6 24. Rc2 h6 25. Qc3 Rc8 26. Qb2 Nd7 27. Qc1
Rxc2 28. Qxc2 Nb8 29. Qc7 Nc6 30. Nf3 Nb4 31. Qb8+
1-0

[Event "Nordic chess championship for youth"]
[Site "Scandic Park hotell, Drammen"]
[Date "2017.02.19"]
[Round "6"]
[White "Nazarova, Anastasia"]
[Black "Olsen, Kaj"]
[Result "1-0"]
[WhiteElo "1998"]
[BlackElo "1513"]
[PlyCount "43"]
[EventDate "2017.??.??"]
[WhiteClock "0:31:02"]
[BlackClock "1:19:41"]

1. e4 e5 2. Nf3 Nf6 3. d4 Nxe4 4. Bd3 d5 5. Nxe5 Bd6 6. Nc3 Nxc3 7. bxc3 Be6 8.
O-O Nd7 9. f4 Bxe5 10. fxe5 O-O 11. Qh5 g6 12. Qh6 c5 13. Bg5 f6 14. exf6 Nxf6
15. Bxg6 hxg6 16. Qxg6+ Kh8 17. Bxf6+ Rxf6 18. Rxf6 Bg8 19. Qh6+ Bh7 20. Raf1
Kg8 21. Rf7 Qh4 22. Qg7#
1-0